| 000 | 00711nam0a22002651 4500 | ||
|---|---|---|---|
| 001 | rc\3388490 | ||
| 005 | 20260406114938.0 | ||
| 021 |
_aRU _bРг8567-74 |
||
| 021 |
_aRU _b74-58904 |
||
| 035 | _a(NLR Aleph) 007456471 | ||
| 090 |
_a7271163 _c7271163 |
||
| 100 | _a20130115d1974 |||y0rusy50 ca | ||
| 101 | 0 | _arus | |
| 102 | _aRU | ||
| 105 | _aa z ||||| | ||
| 200 | 1 |
_a[Справка] _fАН ЛитССР |
|
| 210 |
_aВильнюс _cБ. и. _d1974 |
||
| 215 |
_a26 с. _cил. _d24 |
||
| 532 | 1 | 3 | _aСправка |
| 710 | 0 | 2 |
_aАН ЛитССР _cВильнюс _3RU\NLR\AUTH\8811225 _9295129 |
| 801 | 0 |
_aRU _bNLR _gpsbo |
|
| 801 | 1 |
_aRU _bELAR _2rusmarc |
|
| 852 |
_aNLR _j74-7/342 |
||
| 942 | _cBOOK | ||
| 980 | _aNB | ||